000 00808nam a2200241 i 4500
001 bg
245 0 0 _aMateriały budowlane :
_bćwiczenia laboratoryjne : podręcznik dla studentów wyższych szkół technicznych /
_cJacek Śliwiński [et al.] ; Politechnika Krakowska im. Tadeusza Kościuszki.
250 _aWyd. 3 poszerz.
260 _aKraków :
_bPK,
_c2001.
300 _a186 s. :
_bil. ;
_c24 cm.
504 _aBibliogr., wykaz norm przy rozdz.
650 9 _aMateriały budowlane
655 _aPodręczniki akademickie
700 1 _aŚLIWIŃSKI, Jacek
710 0 _aPolitechnika Krakowska im. Tadeusza Kościuszki
020 _a8372421412
040 _cBPK
041 0 _apl
080 _a691(075.8)
920 _a83-7242-141-2
942 _cKS
008 s pl f |000 0 pol
999 _c39928
_d39928
856 _uhttp://koha.tu.koszalin.pl/cgi-bin/koha/opac-detail.pl?biblionumber=39928
_yKatalog online BPK